Návrh webového sídla pre obec Ratkovce

Guardado en:
Detalles Bibliográficos
Autor principal: Šutiak, Daniel (Autor)
Otros Autores: Nemlaha, Eduard (Orientador)
Formato: Manuscrito Libro
Lenguaje:eslovaco
Publicado: 2017
Materias:
Acceso en línea:http://is.stuba.sk/zp/portal_zp.pl?podrobnosti=114893
Etiquetas: Agregar Etiqueta
Sin Etiquetas, Sea el primero en etiquetar este registro!

MARC

LEADER 00000ntm a22000003a 4500
001 stuzp61051
003 SK-STU
005 20170701210432.9
007 ta
008 150427s2015----xo-----f-mn---000-0-slo-d
040 |a STU  |b slo 
041 0 |a slo 
100 1 |a Šutiak, Daniel  |u 066000  |4 aut  |U MTF Materiálovotechnologická fakulta  |T MTF Ústav aplikovanej informatiky, automatizácie a mechatroniky  |X 69813  |U M6000  |Y 86  |7 69813 
242 0 1 |a The design of the Ratkovce municipality web site  |y eng 
245 1 0 |a Návrh webového sídla pre obec Ratkovce 
260 |c 2017 
650 4 |a HTML  |2 slo 
650 4 |a PHP  |2 slo 
650 4 |a UML  |2 slo 
650 4 |a HTML  |2 eng 
650 4 |a PHP  |2 eng 
650 4 |a UML  |2 eng 
700 1 |a Nemlaha, Eduard  |u 066000  |k Z1  |4 ths  |U MTF Materiálovotechnologická fakulta  |T MTF Ústav aplikovanej informatiky, automatizácie a mechatroniky  |X 2759  |U M6000  |Y 86  |7 A000002759 
856 4 |u http://is.stuba.sk/zp/portal_zp.pl?podrobnosti=114893 
996 |c M* BP-8040  |l MMSKP  |s P  |a 0  |w stuzp61051_0001